| 000 -LEADER |
| fixed length control field |
00461cam a22001457a 4500 |
| 008 - FIXED-LENGTH DATA ELEMENTS--GENERAL INFORMATION |
| fixed length control field |
180718b1970 xxu||||| |||| 00| 0 eng d |
| 082 ## - DEWEY DECIMAL CLASSIFICATION NUMBER |
| Classification number |
A99 T756/D489p/2 |
| 100 ## - MAIN ENTRY--PERSONAL NAME |
| Personal name |
Deutscher, Isaac |
| 245 ## - TITLE STATEMENT |
| Title |
Prophet outcast: trotsky: 1929- 1940 |
| Statement of responsibility, etc. |
by Isaac Deutscher |
| 260 ## - PUBLICATION, DISTRIBUTION, ETC. |
| Place of publication, distribution, etc. |
London |
| Name of publisher, distributor, etc. |
Oxford |
| Date of publication, distribution, etc. |
1970 |
| 300 ## - PHYSICAL DESCRIPTION |
| Extent |
xiii, 543p |
| 650 ## - SUBJECT ADDED ENTRY--TOPICAL TERM |
| Topical term or geographic name entry element |
Statesmen -Soviet Union -Biography |
| 650 ## - SUBJECT ADDED ENTRY--TOPICAL TERM |
| Topical term or geographic name entry element |
Revolutionaries -Soviet Union -Biography |
| 650 ## - SUBJECT ADDED ENTRY--TOPICAL TERM |
| Topical term or geographic name entry element |
Trotsky, Leon, 1879-1940 |